000 00663nam a2200193 i 4500
001 81127
003 ES-MaACL
005 20250830074050.0
007 t|
008 041103s1932 sp ||||1| spa d
100 1 _aHoyos Sáinz, Luis de,
_d1868-1951
_964437
245 1 0 _aCultivos herbáceos
_b: la berza : veriedades y cultivo /
_cpor Luis de Hoyos Sáinz.
260 _a[Madrid] :
_bEspasa-Calpe,
_c[1932]
300 _a32 p., 1 lám. :
_bil. ;
_c21 cm.
490 1 _aCatecismo del agricultor y ganadero. Serie VI ;
_v2
830 0 0 _aCatecismo del agricultor y ganadero
_v2
_9183695
852 _aES-MaACL
_j1830-F-20
_bR.19970
999 _c81127
_d81127